Working Together for Local Integration of Migrants and Refugees in Barcelona

Saved in:
Bibliographic Details
Format: Book
Language:English
Published: Paris OECD 2018
Subjects:
Tags: Add Tag
No Tags, Be the first to tag this record!

MARC

LEADER 00000nam a2200000 4500
001 0251054
005 20221220065925.2
020 |a 978-92-64-30405-5 
041 0 |a eng 
044 |a FR 
245 1 0 |a Working Together for Local Integration of Migrants and Refugees in Barcelona 
264 1 |a Paris  |b OECD  |c 2018 
300 |a 88 s. 
610 2 0 |a migrácia 
610 2 0 |a politika azylová 
610 2 0 |a integrácia sociálna 
610 2 0 |a politika bytová 
610 2 0 |a trh práce 
610 2 0 |a služby sociálne 
610 2 0 |a koordinácia 
610 2 0 |a informácie 
610 2 0 |a nerovnosť sociálna 
610 2 0 |a kríza hospodárska 
610 2 0 |a Barcelona